000 00485nam a2200181Ia 4500
001 20085
005 20260306172740.0
008 260306t2007||||xx |||||||||||||| ||spa||
041 _aESP
082 _a342.211
_bP35 T. 3 V. 2
100 _aPeces-Barra MartĂ­nez, Gregorio
_eAUT
245 0 _aHistoria de los derechos fundamentales:
_bla filosofĂ­a de los derechos humanos
260 _c2007
300 _a
_c24 cm.
650 _aGEN
654 _aCDE
942 _cLIB
_dJUS
_fJUS
_2ddc
_n
999 _c20085
_d20085